|
|
|
|
| LEADER |
00000nab a2200000 a 4500 |
| 001 |
vtls011130822 |
| 003 |
SK-MaSNL |
| 005 |
20260305003446.0 |
| 008 |
230222|1963 xo |||||||||||||||||slo| |
| 015 |
|
|
|a SNBRB
|
| 035 |
|
|
|a (uuid)cf8f1a98-b905-4449-8f06-06ae1def90d7
|
| 035 |
|
|
|a (urnnbn)urn:nbn:sk:snk:ar-a09kp8
|
| 035 |
|
|
|a urn:nbn:sk:snk-aba8lp
|
| 040 |
|
|
|a SNKBUCL
|b slo
|c SNKBUCL
|e AACR2
|
| 041 |
0 |
|
|a slo
|
| 044 |
|
|
|a xo
|c SK
|
| 100 |
1 |
|
|a Habovštiak, Alojz,
|d 1932-2000
|4 aut
|9 82975
|
| 245 |
1 |
0 |
|a J. Herrmann Die vor- und frühgeschichtlichen Burgwälle Gross-Berlins und des Bezirkes Potsdam
|c Alojz Habovštiak
|
| 650 |
0 |
7 |
|a sídliská (archeológia)
|2 SNKPH
|9 67918
|
| 650 |
0 |
7 |
|a opevnené sídla
|2 SNKPH
|9 74667
|
| 650 |
0 |
7 |
|a pravek
|2 SNKPH
|9 4261
|
| 650 |
0 |
7 |
|a raný novovek
|2 SNKPH
|9 84376
|
| 650 |
0 |
7 |
|a archeologické nálezy
|2 SNKPH
|9 4975
|
| 650 |
0 |
7 |
|a archeologické výskumy
|2 SNKPH
|9 74796
|
| 650 |
0 |
7 |
|a monografie
|2 SNKPH
|9 256509
|
| 651 |
|
7 |
|a Berlín (Nemecko)
|2 SNKPHgeo
|9 16174
|
| 651 |
|
7 |
|a Postupim (Nemecko)
|2 SNKPHgeo
|9 106188
|
| 655 |
|
7 |
|a recenzie
|2 SNKPH
|9 21907
|
| 773 |
0 |
|
|t Slovenská archeológia
|g Roč. 11, č. 1 (1963), s. 262-264
|
| 787 |
0 |
8 |
|i Rec:
|a Herrmann, J.
|t Die vor- und frühgeschichtlichen Burgwälle Gross-Berlins und des Bezirkes Potsdam
|d Berlin, 1960
|
| 954 |
|
|
|a odborná, vedecká literatúra pôvodná (slovenská)
|2 lita
|
| 958 |
|
|
|a OND
|
| 958 |
|
|
|a EUIPO
|
| 958 |
|
|
|a article13
|
| 999 |
|
|
|c 3230395
|d 3232325
|